[Event "FRA-ch U20"]
[Site "Gonfreville"]
[Date "2016.04.10"]
[Round "1"]
[White "Simon, Antoine"]
[Black "Navrotescu, Andreea Cristiana"]
[Result "0-1"]
[WhiteElo "1876"]
[BlackElo "2268"]
[PlyCount "84"]
[EventDate "2016.04.10"]
[EventType "swiss"]
[EventRounds "9"]
[EventCountry "FRA"]
[SourceTitle "CBM 171 Extra"]
[Source "ChessBase"]
[SourceDate "2016.04.26"]
[SourceVersion "1"]
[SourceVersionDate "2016.04.26"]
[SourceQuality "1"]

1. d4 Nf6 2. c4 g6 3. Nc3 d5 4. Nf3 Bg7 5. h4 dxc4 6. e4 Bg4 7. Bxc4 Bxf3 8. gxf3 0-0 9. Be3 Nc6 10. Qd2 e5 11. dxe5 Nxe5 12. Qxd8 Rfxd8 13. Be2 Nc6 14. 0-0 Nd4 15. Rfd1 Nh5 16. Bxd4 Bxd4 17. Nd5 Be5 18. f4 Nxf4 19. Nxf4 Bxf4 20. h5 Be5 21. hxg6 hxg6 22. Rac1 c6 23. b3 Bd4 24. Kg2 Rd6 25. a4 Rad8 26. Bc4 Kg7 27. Rd3 Re8 28. Re1 g5 29. Rf3 Rf6 30. Rxf6 Kxf6 31. Kf3 Rh8 32. Rg1 Rh4 33. Rg4 Rxg4 34. Kxg4 Bxf2 35. e5+ Kxe5 36. Bxf7 Be3 37. Kf3 Bf4 38. Bc4 Kd4 39. Be6 a5 40. Bc8 b5 41. axb5 cxb5 42. Bd7 Kc3 0-1